| 000 | 00360nam a2200145Ia 4500 | ||
|---|---|---|---|
| 005 | 20251222152624.0 | ||
| 008 | 251222s9999||||xx |||||||||||||| ||spa|| | ||
| 020 | _a8471783355 | ||
| 082 | _a863/P14 | ||
| 100 | _aPadilla, Heberto | ||
| 245 | 0 | _aEn mi Jardín Pastan los Héroes | |
| 250 | _a1ra.ed. | ||
| 264 | _bEditorial Argos Vergara, S.A. | ||
| 942 | _cLIB | ||
| 999 |
_c27480 _d27480 |
||